<?xml version="1.0" encoding="UTF-8"?>
<record
    xmlns:xsi="http://www.w3.org/2001/XMLSchema-instance"
    xsi:schemaLocation="http://www.loc.gov/MARC21/slim http://www.loc.gov/standards/marcxml/schema/MARC21slim.xsd"
    xmlns="http://www.loc.gov/MARC21/slim">

  <leader>02562nam a22002657a 4500</leader>
  <controlfield tag="005">20240305165633.0</controlfield>
  <controlfield tag="007">cr||||   |||| </controlfield>
  <controlfield tag="008">220517s2021    es |||||s|||| 00||0 spa d</controlfield>
  <datafield tag="020" ind1=" " ind2=" ">
    <subfield code="a">978-84-124109-7-6</subfield>
  </datafield>
  <datafield tag="035" ind1=" " ind2=" ">
    <subfield code="a">35652</subfield>
  </datafield>
  <datafield tag="040" ind1=" " ind2=" ">
    <subfield code="a">vLex</subfield>
  </datafield>
  <datafield tag="090" ind1=" " ind2=" ">
    <subfield code="c">13358</subfield>
    <subfield code="d">13358</subfield>
  </datafield>
  <datafield tag="100" ind1="1" ind2=" ">
    <subfield code="a">Serrano Ma&#xED;llo, Alfonso</subfield>
  </datafield>
  <datafield tag="245" ind1="1" ind2="2">
    <subfield code="a">La evoluci&#xF3;n del encarcelamiento en Espa&#xF1;a (1971-2020)</subfield>
    <subfield code="h">[Recurso electr&#xF3;nico] :</subfield>
    <subfield code="b">Un estudio de series temporales /</subfield>
    <subfield code="c">Alfonso Serrano Ma&#xED;llo</subfield>
  </datafield>
  <datafield tag="256" ind1=" " ind2=" ">
    <subfield code="a">Servicio en l&#xED;nea</subfield>
  </datafield>
  <datafield tag="260" ind1=" " ind2=" ">
    <subfield code="a">Barcelona:</subfield>
    <subfield code="b">J.M. Bosch Editor,</subfield>
    <subfield code="c">2021</subfield>
  </datafield>
  <datafield tag="300" ind1=" " ind2=" ">
    <subfield code="a">1 recurso electr&#xF3;nico</subfield>
  </datafield>
  <datafield tag="500" ind1=" " ind2=" ">
    <subfield code="a">En la presente monograf&#xED;a se contrastan hip&#xF3;tesis sobre la evoluci&#xF3;n del encarcelamiento en Espa&#xF1;a para el per&#xED;odo 1971-2020. Desde un punto de vista metodol&#xF3;gico, las tasas de encarcelamiento deben tratarse como una serie temporal, esto es como la realizaci&#xF3;n de un proceso estoc&#xE1;stico. Por este motivo aqu&#xED; se emplean, de modo pionero en nuestra Criminolog&#xED;a, modelos econom&#xE9;tricos con rezagos ARD, ARIMAX y VAR. Nuestros resultados descartan que el C&#xF3;digo penal de 1995 aumentara la punitividad o firmeza frente al delito ya que el crecimiento de las tasas de encarcelamiento se redujo en un 8,39 por ciento tras su entrada en vigor. Ello contradice una hip&#xF3;tesis estrella de la Criminolog&#xED;a espa&#xF1;ola. Tambi&#xE9;n se ha encontrado un efecto positivo del PIB, as&#xED; como que un mayor volumen de extranjeros residentes en Espa&#xF1;a y gobiernos conservadores se relacionan con aumentos en la firmeza. Esta segunda constelaci&#xF3;n de variables tiene un contenido econ&#xF3;mico consistente con la teor&#xED;a del don de Mauss, en la que los ritos &#x96;justamente lo que es el castigo en la tradici&#xF3;n del Durkheim tard&#xED;o&#x96; tienden a agotar todos los recursos disponibles si no encuentran ning&#xFA;n freno. Se contrastan otras conjeturas, si bien no reciben sustento emp&#xED;rico. Esta investigaci&#xF3;n incluye pron&#xF3;sticos sobre la evoluci&#xF3;n de las tasas de encarcelamiento en los pr&#xF3;ximos a&#xF1;os en Espa&#xF1;a, otra de las funciones de los an&#xE1;lisis de series temporales.</subfield>
  </datafield>
  <datafield tag="506" ind1="1" ind2=" ">
    <subfield code="a">Disponible solo en los productos indicados</subfield>
    <subfield code="d">vLex Global</subfield>
    <subfield code="d">vLex Global (Academic Edition, excluding Law Schools)</subfield>
    <subfield code="d">vLex Global (U.S. Academic Edition, Law Schools)</subfield>
    <subfield code="d">vLex Global (U.S. Academic Edition, excluding Law Schools)</subfield>
    <subfield code="d">vLex Global (Academic Edition, Law Schools)</subfield>
  </datafield>
  <datafield tag="650" ind1="0" ind2="4">
    <subfield code="a">Derecho Penal</subfield>
    <subfield code="z">Espa&#xF1;a</subfield>
  </datafield>
  <datafield tag="650" ind1="0" ind2="4">
    <subfield code="a">Procedimiento Penal</subfield>
    <subfield code="z">Espa&#xF1;a</subfield>
  </datafield>
  <datafield tag="740" ind1="0" ind2=" ">
    <subfield code="a">vLex Libros (Servicio en l&#xED;nea)</subfield>
  </datafield>
  <datafield tag="856" ind1="4" ind2="0">
    <subfield code="u">https://app.vlex.com/#/sources/35652</subfield>
  </datafield>
  <datafield tag="942" ind1=" " ind2=" ">
    <subfield code="c">RAA</subfield>
  </datafield>
  <datafield tag="952" ind1=" " ind2=" ">
    <subfield code="0">0</subfield>
    <subfield code="1">0</subfield>
    <subfield code="4">0</subfield>
    <subfield code="7">0</subfield>
    <subfield code="8">VLEX</subfield>
    <subfield code="9">329515</subfield>
    <subfield code="a">BD-UIN</subfield>
    <subfield code="b">BD-UIN</subfield>
    <subfield code="d">2024-03-05</subfield>
    <subfield code="l">0</subfield>
    <subfield code="p">35652</subfield>
    <subfield code="r">2024-03-05</subfield>
    <subfield code="w">2024-03-05</subfield>
    <subfield code="y">RAA</subfield>
  </datafield>
  <datafield tag="999" ind1=" " ind2=" ">
    <subfield code="c">171594</subfield>
    <subfield code="d">171594</subfield>
  </datafield>
</record>
